Регионална библиотека "Любен Каравелов" - Русе

Vita nuova : картинки (Запис номер 490664)

MARC детайли
000 -Лидер
Контролно поле с фиксирана дължина 01314nam a2200325 a 4500
003 - Код на организацията, давaща контролен номер
Контролно поле BLK
005 - Дата и час на последна редакция
Контролно поле 20240916163308.0
008 - Елементи от данни с фиксирана дължина
fixed length control field 210301b bu |||||r|||| 00| | bu d
020 ## - Международен стандартен номер на книга ISBN
Международен стандартен номер на книга ISBN 9786190211280
040 ## - Източник на каталожния запис
Идентификатор на билиотеката - собственик на записа BLK
041 ## - Код за език
Код за езика на текст/звукозапис или на отделно заглавие Български
Код за езика КДБФ Български
080 ## - УДК
Текстов определител УДК Чешка литература
УДК код - определител по УДК 821.162.3
УДК определител -312.6
УДК - код + определител 821.162.3-312.6
100 1# - Редна дума - Автор
R(LIN) 137704
Автор Храбал, Бохумил
Авторска отговорност първи автор
139 ## - Редно поле
Редна дума Храбал, Бохумил
Авторски знак Хр - Х 73
245 ## - Сведения за заглавието
Заглавие Vita nuova : картинки
Редно поле (дума) Бохумил Храбал ; прев. от чеш. Васил Самоковлиев
260 ## - Област на издателските данни
9 (RLIN) 209486
Място на издаване, разпространение и проч. София
Име на издателя, разпространителя и проч. Колибри
Година на издаване 2022
Издателство - префикс ISBN 978-619-02- ; 978-619-150- ; 978-954-150- ; 978-954-529-
300 ## - Физическа характеристика
Страници 319 с.
Размери/Мащаб 20 см
380 ## - Жанр
Жанр Худож. лит.
500 ## - Общи забележки
Забележка Ориг. загл.: Vita nuova / Bohumil Hrabal<br/>Биогр. данни за авт. отбелязани на гърба на кор.<br/>Кн. 2 от трилогията на Храбал.
700 ## - Други автори (авторска отговорност)
Лично име Самоковлиев, Васил Димитров
9 (RLIN) 321731
852 ## - Местоположение
Форматна сигнатура Цб 317364
Фондова буква Хранилище
852 ## - Местоположение
Фондова буква Заемна - подръчен фонд
Систематично-азбучна сигнатура 821-31/Х 73 Б
856 ## - Електронен адрес и достъп
Инструкция (цена за достъп) 0.00
Права за достъп disable
942 ## - АРТИКУЛИ
Вид на библиотечния материал Книги
Скрит в OPAC Не
Периодичен библиозапис Да
Koha issues (borrowed), all copies 4
944 ## - СЪЗДАВАНЕ И РЕДАКЦИЯ на ЗАПИСА
Създаване/Редакция Създаване
Дата на регистрацията/редакция 2023-04-28
Служител, извършил регистрацията/редакцията 30552
Статус, дата на статуса Виолета Тройчева
999 ## - СИСТЕМНИ КОНТРОЛНИ НОМЕРА
Koha biblionumber 490664
Koha biblioitemnumber 490664
999 ## - СИСТЕМНИ КОНТРОЛНИ НОМЕРА
Koha biblioitemnumber 490664
999 ## - СИСТЕМНИ КОНТРОЛНИ НОМЕРА
Koha biblioitemnumber 490664
999 ## - СИСТЕМНИ КОНТРОЛНИ НОМЕРА
Koha biblioitemnumber 490664
999 ## - СИСТЕМНИ КОНТРОЛНИ НОМЕРА
Koha biblioitemnumber 490664
Наличности
Код за отписване Код за изгубен артикул Източник на класификационната схема Код за повреда Коз за рестрикции Код за отдаване Артикулен № Име на библиотеката - собственик Име на библиотеката, в която се намира в момента Статус (Текущо местоположение) Дата на вписване в системата Местоположение - отдел Цена в лева Инвентарен номер Систематично азбучна сигнатура Баркод Цена в евро Служебен тип на артикула
  Не е изгубен Universal Decimal Classification Не е повреден само за читалня ползва се в читалня 927750 Регионална библиотека "Любен Каравелов" Русе Регионална библиотека "Любен Каравелов" Русе Хранилище 2023-05-03 Хранилище 25.00 120000886915 Цб 317364 120000886915 12.78 Книги
  Не е изгубен Universal Decimal Classification Не е повреден без рестрикции заемане за дома 928797 Регионална библиотека "Любен Каравелов" Русе Регионална библиотека "Любен Каравелов" Русе Заемна - подръчен фонд 2023-05-19 Заемна - подръчен фонд 12.50 120000887986 821-31/Х 73 Б 120000887986 6.39 Книги
  Не е изгубен Universal Decimal Classification Не е повреден   заемане за дома 942450 Регионална библиотека "Любен Каравелов" Русе Регионална библиотека "Любен Каравелов" Русе Заемна - подръчен фонд 2024-04-18 Заемна - подръчен фонд 25.00 120000901473 821-31/Х 73 Б 120000901473 12.78 Книги
Vip Innovations Ltd, Rousse, Bulgaria 2025